[Event "Harrogate 4NCL op-A 17th"]
[Site "Harrogate"]
[Date "2018.01.21"]
[Round "5"]
[White "Rushbrooke, Remy"]
[Black "Munson, Shaun D"]
[Result "0-1"]
[WhiteElo "1834"]
[BlackElo "2165"]
[PlyCount "48"]
[EventDate "2018.01.19"]
[EventType "swiss"]
[EventRounds "5"]
[EventCountry "ENG"]
[SourceTitle "CBM 182 Extra"]
[Source "ChessBase"]
[SourceDate "2018.02.23"]
[SourceVersion "1"]
[SourceVersionDate "2018.02.23"]
[SourceQuality "1"]

1. Nf3 c5 2. g3 Nc6 3. Bg2 g6 4. 0-0 Bg7 5. d3 e5 6. c4 Nge7 7. Nc3 d6 8. Ne1 Be6 9. Nc2 d5 10. cxd5 Nxd5 11. Ne3 Nxc3 12. bxc3 Qd7 13. Rb1 Bxa2 14. Ra1 Be6 15. Ba3 b6 16. c4 0-0 17. Nd5 Rfc8 18. Qd2 f5 19. Bb2 Ne7 20. Nc3 Bxc4 21. Ra3 Bf7 22. Rfa1 a5 23. Na4 Qd6 24. Qd1 Nd5 0-1

[Event "Harrogate 4NCL op-A 17th"]
[Site "Harrogate"]
[Date "2018.01.20"]
[Round "2"]
[White "Munson, Shaun D"]
[Black "Han, Yichen"]
[Result "0-1"]
[WhiteElo "2165"]
[BlackElo "1913"]
[PlyCount "108"]
[EventDate "2018.01.19"]
[EventType "swiss"]
[EventRounds "5"]
[EventCountry "ENG"]
[SourceTitle "CBM 182 Extra"]
[Source "ChessBase"]
[SourceDate "2018.02.23"]
[SourceVersion "1"]
[SourceVersionDate "2018.02.23"]
[SourceQuality "1"]

1. d4 Nf6 2. Nc3 d5 3. Bg5 Nbd7 4. Qd3 h6 5. Bf4 c6 6. Nf3 e6 7. h3 Be7 8. e4 Bb4 9. e5 Ne4 10. Nd2 Nxd2 11. Bxd2 0-0 12. Qg3 Kh8 13. 0-0-0 a6 14. f4 c5 15. a3 Ba5 16. dxc5 Bxc3 17. Bxc3 Nxc5 18. Bd4 Qe7 19. Qe3 b6 20. g4 Bd7 21. h4 Rfc8 22. h5 Ba4 23. Kb1 Ne4 24. Bd3 b5 25. Bxe4 dxe4 26. b3 b4 27. f5 bxa3 28. f6 Qb7 29. fxg7+ Kxg7 30. g5 Rab8 31. gxh6+ Kh7 32. Rh3 Qd5 33. Qf2 Rc7 34. Qg2 Rg8 35. Qe2 Bb5 36. Qe1 Bd3 37. Rdxd3 exd3 38. Rxd3 Qg2 39. Rd2 Qg4 40. Qe3 Rd7 41. Ka2 Qg5 42. Qe4+ Qf5 43. Qc6 Rgd8 44. Rf2 Qxh5 45. Bb6 Qxe5 46. Kxa3 Qa1+ 47. Kb4 Rd4+ 48. c4 Qe1+ 49. Ka3 Qxf2 50. Qc7 Qf6 51. Qg3 Rd3 52. Qc7 R8d6 53. Bc5 Qa1+ 54. Kb4 Qc3+ 0-1

[Event "BCF-chT3Sb 1617 (4NCL)"]
[Site "England"]
[Date "2016.11.27"]
[Round "2.63"]
[White "Munson, Shaun D"]
[Black "Birkin, Mark"]
[Result "0-1"]
[WhiteElo "2167"]
[BlackElo "2065"]
[PlyCount "74"]
[EventDate "2016.11.26"]
[EventType "team-tourn"]
[EventRounds "11"]
[EventCountry "ENG"]
[SourceTitle "EXT 2019"]
[Source "ChessBase"]
[SourceDate "2018.10.10"]
[SourceVersion "1"]
[SourceVersionDate "2018.10.10"]
[SourceQuality "1"]
[WhiteTeam "Anglian Avengers II"]
[BlackTeam "Leeds University Old Boys"]
[WhiteTeamCountry "ENG"]
[BlackTeamCountry "ENG"]

1. d4 e6 2. Nc3 d5 3. Nf3 Nf6 4. Bg5 Be7 5. Bxf6 Bxf6 6. e4 0-0 7. Qd2 c5 8. 0-0-0 cxd4 9. Nxd4 Nc6 10. Nxc6 bxc6 11. f4 Qa5 12. e5 Be7 13. h4 Rb8 14. Nb1 Qxa2 15. c3 Rb3 16. Qc2 Bc5 17. Rh3 Bd7 18. Bc4 dxc4 19. Rxd7 Rfb8 20. Rd2 a5 21. Rg3 a4 22. f5 exf5 23. Qxf5 Bf8 24. Rf3 R3b7 25. e6 f6 26. Re3 Rxb2 27. Kd1 Qxb1+ 28. Qxb1 Rxb1+ 29. Ke2 R1b2 30. Rxb2 Rxb2+ 31. Kf3 Rb7 32. Re4 Ra7 33. Rd4 a3 34. Rd1 a2 35. Ra1 Bd6 36. Ke3 Be5 37. Kd2 Kf8 0-1

[Event "Newmarket EACU op"]
[Site "Newmarket"]
[Date "2015.05.31"]
[Round "4"]
[White "Munson, Shaun D"]
[Black "Taylor, Robert Keith"]
[Result "1-0"]
[WhiteElo "2167"]
[BlackElo "1970"]
[PlyCount "43"]
[EventDate "2015.05.30"]
[EventType "swiss"]
[EventRounds "5"]
[EventCountry "ENG"]
[SourceTitle "CBM 166 Extra"]
[Source "ChessBase"]
[SourceDate "2015.06.18"]
[SourceVersion "1"]
[SourceVersionDate "2015.06.18"]
[SourceQuality "1"]

1. d4 Nf6 2. Nc3 d5 3. Bg5 Bf5 4. f3 Nbd7 5. Nxd5 Nxd5 6. e4 h6 7. Bh4 Be6 8. exd5 Bxd5 9. Qd2 Nb6 10. b3 g5 11. Bf2 e6 12. Bb5+ Nd7 13. Ne2 a6 14. Bd3 h5 15. c4 Bc6 16. Nc3 Bg7 17. 0-0-0 0-0 18. h4 g4 19. fxg4 Bxg2 20. Rhg1 Bf3 21. gxh5 Kh8 22. Rxg7 1-0

[Event "BCF-chT2a 1314 (4NCL)"]
[Site "England"]
[Date "2014.01.11"]
[Round "3.46"]
[White "Ball, Laurence"]
[Black "Munson, Shaun D"]
[Result "0-1"]
[WhiteElo "2102"]
[BlackElo "2168"]
[PlyCount "73"]
[EventDate "2013.11.16"]
[EventType "team-swiss"]
[EventRounds "11"]
[EventCountry "ENG"]
[SourceTitle "EXT 2015"]
[Source "ChessBase"]
[SourceDate "2014.11.20"]
[SourceVersion "1"]
[SourceVersionDate "2014.11.20"]
[SourceQuality "1"]
[WhiteTeam "KJCA Kings"]
[BlackTeam "Anglian Avengers"]
[WhiteTeamCountry "ENG"]
[BlackTeamCountry "ENG"]

1. f4 d5 2. Nf3 Bg4 3. Ne5 Bh5 4. d3 Nd7 5. c3 Nxe5 6. fxe5 Qd7 7. Bf4 f6 8. Qb3 0-0-0 9. d4 g5 10. Bg3 Nh6 11. Nd2 Nf5 12. Bf2 Bg7 13. 0-0-0 fxe5 14. dxe5 Bxe5 15. g3 Qc6 16. Bh3 g4 17. Bg2 Bd4 18. e4 Bxf2 19. exf5 Rhf8 20. Qc2 e6 21. fxe6 Qxe6 22. Bf1 d4 23. Bc4 Qe3 24. Qb3 dxc3 25. Qxc3 Bg6 26. Rhf1 Qg5 27. Qb3 Rf6 28. a4 Qc5 29. a5 Rxd2 30. Kxd2 Qg5+ 31. Kc3 Rf3+ 32. Bd3 Qe5+ 33. Kc2 Qe2+ 34. Kb1 Bxd3+ 35. Ka1 Bc4 36. Qa4 Qe6 37. Qc2 0-1

[Event "BCF-chT2a 1314 (4NCL)"]
[Site "England"]
[Date "2013.11.17"]
[Round "2.26"]
[White "Krzyzanowski, Patryk"]
[Black "Munson, Shaun D"]
[Result "1-0"]
[WhiteElo "2005"]
[BlackElo "2174"]
[PlyCount "117"]
[EventDate "2013.11.16"]
[EventType "team-swiss"]
[EventRounds "11"]
[EventCountry "ENG"]
[SourceTitle "CBM 157 Extra"]
[Source "ChessBase"]
[SourceDate "2013.12.19"]
[SourceVersion "1"]
[SourceVersionDate "2013.12.19"]
[SourceQuality "1"]
[WhiteTeam "Bristol"]
[BlackTeam "Anglian Avengers"]
[WhiteTeamCountry "ENG"]
[BlackTeamCountry "ENG"]

1. c4 e5 2. Nc3 Nf6 3. g3 c6 4. Nf3 e4 5. Nd4 Qb6 6. e3 d5 7. Qc2 Bd7 8. Bg2 Na6 9. 0-0 Nb4 10. Qb1 Nd3 11. cxd5 cxd5 12. f3 Nxc1 13. Rxc1 Bc5 14. Nb3 Bxe3+ 15. dxe3 exf3 16. Bxf3 Qxe3+ 17. Kg2 0-0 18. Re1 Bh3+ 19. Kxh3 Qxf3 20. Qd1 Qf5+ 21. Kg2 Rfe8 22. Nd4 Qd7 23. Qf3 Rad8 24. Rad1 a6 25. Rxe8+ Qxe8 26. Rd2 b5 27. a3 Qd7 28. Nf5 Kf8 29. Qf4 h6 30. Qb4+ Kg8 31. Qe7 Kh7 32. Qxd7 Rxd7 33. Rd4 g6 34. Ne3 Re7 35. Nexd5 Nxd5 36. Rxd5 Rb7 37. b4 Rc7 38. Ne4 Rc2+ 39. Rd2 Rc4 40. Kf3 g5 41. Rd7 Kg6 42. Rd6+ Kf5 43. Rd5+ Ke6 44. Rc5 Rd4 45. Ke3 Rd1 46. Rc6+ Ke5 47. Nf6 Re1+ 48. Kf2 Ra1 49. Rxa6 Kf5 50. h3 Rh1 51. Nd5 Rh2+ 52. Kf3 h5 53. Ne3+ Ke5 54. Rb6 Rxh3 55. Rxb5+ Kd4 56. Kg2 g4 57. Nf5+ Kc4 58. Rc5+ Kb3 59. b5 1-0

[Event "BCF-chT2c 1213 (4NCL) Promotion pool"]
[Site "England"]
[Date "2013.05.06"]
[Round "11.38"]
[White "Munson, Shaun D"]
[Black "Burnett, Jim"]
[Result "1-0"]
[WhiteElo "2177"]
[BlackElo "2143"]
[PlyCount "95"]
[EventDate "2012.11.13"]
[EventType "team-tourn"]
[EventRounds "4"]
[EventCountry "ENG"]
[SourceTitle "EXT 2014"]
[Source "ChessBase"]
[SourceDate "2013.11.20"]
[SourceVersion "1"]
[SourceVersionDate "2013.11.20"]
[SourceQuality "1"]
[WhiteTeam "Anglian Avengers"]
[BlackTeam "White Rose II"]
[WhiteTeamCountry "ENG"]
[BlackTeamCountry "ENG"]

1. d4 d5 2. Bg5 h6 3. Bh4 c6 4. Nc3 Bf5 5. e3 Nd7 6. Bd3 Bxd3 7. cxd3 Qb6 8. Nge2 e6 9. 0-0 Be7 10. Bg3 Ngf6 11. Qc2 0-0 12. Rab1 Nh5 13. Be5 Nxe5 14. dxe5 g6 15. d4 Rfc8 16. b4 Qd8 17. Rfc1 Ng7 18. Nf4 Nf5 19. Nd3 b6 20. Na4 Qd7 21. Qb3 Rc7 22. Rc3 Rac8 23. Rbc1 Bd8 24. Qc2 h5 25. Nab2 Kg7 26. a4 Be7 27. a5 b5 28. Nc5 Bxc5 29. Rxc5 a6 30. Nd3 Qe8 31. Rc3 Ne7 32. Nc5 Ra7 33. Qe2 Kh7 34. Qf3 Qf8 35. h3 Qg7 36. Qf4 g5 37. Qf3 Qg6 38. e4 Rf8 39. Qe2 f5 40. exf6 Rxf6 41. Re3 Ra8 42. Nd7 Rf4 43. Ne5 Qe8 44. exd5 Nxd5 45. Rg3 Rf5 46. Rxc6 Nxb4 47. Rc7+ Kh6 48. h4 1-0

[Event "BCF-chT2a 1213 (4NCL)"]
[Site "England"]
[Date "2013.02.23"]
[Round "5.23"]
[White "Mitchell, Martin"]
[Black "Munson, Shaun D"]
[Result "1-0"]
[WhiteElo "2213"]
[BlackElo "2177"]
[PlyCount "69"]
[EventDate "2012.11.03"]
[EventType "team-tourn"]
[EventRounds "7"]
[EventCountry "ENG"]
[SourceTitle "EXT 2014"]
[Source "ChessBase"]
[SourceDate "2013.11.20"]
[SourceVersion "1"]
[SourceVersionDate "2013.11.20"]
[SourceQuality "1"]
[WhiteTeam "Spirit of Atticus"]
[BlackTeam "Anglian Avengers"]
[WhiteTeamCountry "ENG"]
[BlackTeamCountry "ENG"]

1. d4 d5 2. c4 c6 3. cxd5 cxd5 4. Nf3 Nc6 5. Nc3 Nf6 6. Bf4 a6 7. Rc1 e6 8. e3 Be7 9. Bd3 Qb6 10. 0-0 Qxb2 11. Na4 Qb4 12. Rb1 Qa5 13. Nb6 0-0 14. Nxa8 Bd8 15. Qd2 b5 16. Qxa5 Bxa5 17. Bc7 Bb7 18. Bxa5 Nxa5 19. Nb6 Bc6 20. Ne5 Rb8 21. Na4 Be8 22. Nc5 Ra8 23. Rfc1 g6 24. g4 h6 25. h4 Kg7 26. g5 hxg5 27. hxg5 Nh7 28. f4 Nf8 29. Kf2 f6 30. gxf6+ Kxf6 31. Rh1 Nc4 32. Rh8 Kg7 33. Rbh1 a5 34. Nxe6+ Nxe6 35. R1h7+ 1-0

[Event "BCF-chT2a 1213 (4NCL)"]
[Site "England"]
[Date "2013.01.12"]
[Round "3.44"]
[White "Hewitt, William"]
[Black "Munson, Shaun D"]
[Result "1/2-1/2"]
[WhiteElo "2067"]
[BlackElo "2177"]
[PlyCount "125"]
[EventDate "2012.11.03"]
[EventType "team-tourn"]
[EventRounds "7"]
[EventCountry "ENG"]
[SourceTitle "EXT 2014"]
[Source "ChessBase"]
[SourceDate "2013.11.20"]
[SourceVersion "1"]
[SourceVersionDate "2013.11.20"]
[SourceQuality "1"]
[WhiteTeam "Rhyfelwyr Essyllwg"]
[BlackTeam "Anglian Avengers"]
[WhiteTeamCountry "ENG"]
[BlackTeamCountry "ENG"]

1. e4 c5 2. Nf3 Nc6 3. Nc3 e5 4. Bc4 d6 5. 0-0 Be6 6. Bxe6 fxe6 7. d3 Nf6 8. Nd2 Be7 9. f4 exf4 10. Rxf4 0-0 11. Rf1 Qd7 12. Nf3 Ng4 13. h3 Nge5 14. Nxe5 Rxf1+ 15. Qxf1 dxe5 16. Be3 Nd4 17. Qd1 b5 18. a4 b4 19. Ne2 Rb8 20. b3 Rf8 21. Qd2 Bh4 22. Rf1 Rxf1+ 23. Kxf1 Qf7+ 24. Kg1 Qh5 25. Nxd4 cxd4 26. Bf2 Be7 27. Kf1 a5 28. Qe2 Qh6 29. Kg1 Qc1+ 30. Kh2 Bg5 31. g3 g6 32. Kg2 h5 33. h4 Bh6 34. Kh2 Kg7 35. Kg2 Bd2 36. g4 hxg4 37. Qxg4 Kf6 38. Qf3+ Bf4 39. Qe2 Ke7 40. Be1 Kd6 41. Kh3 Qe3+ 42. Qxe3 dxe3 43. Kg4 Kc5 44. Kf3 Kd4 45. Ke2 Bh2 46. Kf1 Bf4 47. Ke2 Bh2 48. Kf1 Kc5 49. Kg2 Bf4 50. Kf3 Bh6 51. Ke2 Kd4 52. Kf3 Bf8 53. Ke2 Be7 54. Kd1 Bd8 55. Ke2 Bb6 56. Kf3 Bd8 57. Ke2 g5 58. hxg5 Bxg5 59. Kf3 Bf4 60. Ke2 Bh2 61. Kf1 Kc5 62. Ke2 Bf4 63. Kf3 1/2-1/2

[Event "BCF-chTa 1112 (4NCL)"]
[Site "England"]
[Date "2012.01.15"]
[Round "4.35"]
[White "Munson, Shaun D"]
[Black "Swindells, Jonathan"]
[Result "0-1"]
[WhiteElo "2201"]
[BlackElo "2178"]
[PlyCount "74"]
[EventDate "2011.11.12"]
[EventType "team-tourn"]
[EventRounds "7"]
[EventCountry "ENG"]
[SourceTitle "EXT 2013"]
[Source "ChessBase"]
[SourceDate "2012.11.22"]
[SourceVersion "1"]
[SourceVersionDate "2012.11.22"]
[SourceQuality "1"]
[WhiteTeam "Anglian Avengers"]
[BlackTeam "The ADS"]
[WhiteTeamCountry "ENG"]
[BlackTeamCountry "ENG"]

1. d4 Nf6 2. Nc3 d6 3. e4 g6 4. Bg5 Bg7 5. Qd2 h6 6. Bh4 c6 7. 0-0-0 Qc7 8. f4 0-0 9. Nf3 b5 10. e5 b4 11. Nb1 Nd5 12. c4 bxc3 13. Nxc3 Bf5 14. h3 Rc8 15. g4 Nxc3 16. Qxc3 Be4 17. Rh2 c5 18. d5 Qb7 19. Bc4 Nd7 20. Re2 Bxf3 21. Qxf3 Rab8 22. Rd3 Qb4 23. Qe4 dxe5 24. a3 Qa5 25. Bxe7 exf4 26. Qxf4 Rxb2 27. Rxb2 Qe1+ 28. Kc2 Bxb2 29. Re3 Qc1+ 30. Kd3 Ne5+ 31. Qxe5 Qd1+ 32. Ke4 Bxe5 33. Bb3 Qd4+ 34. Kf3 c4 35. Bc2 Qxd5+ 36. Be4 Qd1+ 37. Kg2 Bd4 0-1

[Event "BCF-chT2 1011 (4NCL)"]
[Site "England"]
[Date "2011.05.01"]
[Round "10.31"]
[White "Munson, Shaun D"]
[Black "Swanson, Stephen"]
[Result "1/2-1/2"]
[WhiteElo "2201"]
[BlackElo "2269"]
[PlyCount "84"]
[EventDate "2010.11.06"]
[EventType "team-swiss"]
[EventRounds "11"]
[EventCountry "ENG"]
[SourceTitle "EXT 2012"]
[Source "ChessBase"]
[SourceDate "2011.11.24"]
[SourceVersion "1"]
[SourceVersionDate "2011.11.24"]
[SourceQuality "1"]
[WhiteTeam "Anglian Avengers"]
[BlackTeam "Poisoned Pawns"]
[WhiteTeamCountry "ENG"]
[BlackTeamCountry "ENG"]

1. d4 d6 2. Nc3 g6 3. e4 Bg7 4. Bg5 a6 5. Nf3 Nd7 6. Bc4 h6 7. Bf4 e6 8. a4 b6 9. Qd2 Ne7 10. 0-0 Bb7 11. h3 Nf6 12. e5 Nfd5 13. Nxd5 Nxd5 14. Bh2 0-0 15. Rfe1 Ne7 16. Qe2 Bxf3 17. Qxf3 d5 18. Bd3 c5 19. dxc5 bxc5 20. c4 d4 21. h4 Nf5 22. h5 Rb8 23. Rab1 Rb3 24. Qe2 Qg5 25. Bc2 Rb4 26. Qd3 Qxh5 27. Bf4 Qh4 28. Bd2 Rb7 29. Re4 Qd8 30. g4 Ne7 31. Kg2 Nc6 32. f4 Nb4 33. Bxb4 Rxb4 34. Kg3 Qc7 35. b3 Rb7 36. Re2 Rfb8 37. Rh1 Qa5 38. Rd1 Qc7 39. Rde1 Rb6 40. Kh3 Qb7 41. Rb1 Qd7 42. Rf1 Re8 1/2-1/2

[Event "BCF-chT2 1011 (4NCL)"]
[Site "England"]
[Date "2011.01.16"]
[Round "4.34"]
[White "Munson, Shaun D"]
[Black "Brown, Thomas"]
[Result "0-1"]
[WhiteElo "2201"]
[BlackElo "2070"]
[PlyCount "112"]
[EventDate "2010.11.06"]
[EventType "team-swiss"]
[EventRounds "11"]
[EventCountry "ENG"]
[SourceTitle "EXT 2012"]
[Source "ChessBase"]
[SourceDate "2011.11.24"]
[SourceVersion "1"]
[SourceVersionDate "2011.11.24"]
[SourceQuality "1"]
[WhiteTeam "Anglian Avengers"]
[BlackTeam "Rhyfelwyr Essyllwg"]
[WhiteTeamCountry "ENG"]
[BlackTeamCountry "ENG"]

1. d4 g6 2. Nc3 d5 3. Bg5 Bg7 4. Qd2 Nf6 5. Bh6 0-0 6. 0-0-0 Ne4 7. Nxe4 dxe4 8. h4 Qd5 9. Kb1 c5 10. Bxg7 Kxg7 11. e3 cxd4 12. exd4 h5 13. Ne2 e5 14. Nc3 Qxd4 15. Qe1 Qb4 16. a3 Qa5 17. Rd5 Qc7 18. Qxe4 Nc6 19. Qe3 Be6 20. Rd1 a6 21. Be2 Rad8 22. Bxh5 gxh5 23. Qg5+ Kh7 24. Qxh5+ Kg7 25. Qg5+ Kh7 26. Ne4 f5 27. Nf6+ Rxf6 28. Qxf6 Re8 29. Qg5 Qf7 30. Qe3 f4 31. Qc5 Nd4 32. Rxd4 exd4 33. Qxd4 Bf5 34. Qd2 Rc8 35. Rc1 Qc4 36. g4 Bxg4 37. Qd6 Rc7 38. Qe5 Qf7 39. Ka1 Re7 40. Qg5 Bh5 41. Rg1 Rd7 42. Qe5 Bg6 43. c4 Qf5 44. Qb8 Qc2 45. Qxf4 Rd1+ 46. Ka2 Qb1+ 47. Kb3 Bc2+ 48. Kc3 Rd3+ 49. Kb4 Qxb2+ 50. Kc5 Qxa3+ 51. Kb6 Rd6+ 52. Kxb7 Qb4+ 53. Ka8 Rd8+ 54. Ka7 Qe7+ 55. Kxa6 Ra8+ 56. Kb5 Ba4+ 0-1

[Event "BCF-chT2 1011 (4NCL)"]
[Site "England"]
[Date "2011.01.15"]
[Round "3.13"]
[White "Munson, Shaun D"]
[Black "Zeidler, Sven P"]
[Result "1-0"]
[WhiteElo "2201"]
[BlackElo "2247"]
[PlyCount "87"]
[EventDate "2010.11.06"]
[EventType "team-swiss"]
[EventRounds "11"]
[EventCountry "ENG"]
[SourceTitle "EXT 2012"]
[Source "ChessBase"]
[SourceDate "2011.11.24"]
[SourceVersion "1"]
[SourceVersionDate "2011.11.24"]
[SourceQuality "1"]
[WhiteTeam "Anglian Avengers"]
[BlackTeam "South Wales Dragons"]
[WhiteTeamCountry "ENG"]
[BlackTeamCountry "ENG"]

1. d4 f5 2. e4 fxe4 3. Nc3 Nf6 4. Bg5 b6 5. Nh3 Bb7 6. Nf4 e6 7. Bb5 Bd6 8. Nxe6 Qe7 9. Nf4 c6 10. Bc4 Bxf4 11. Bxf4 Qb4 12. Bb3 d5 13. 0-0 Nbd7 14. Qd2 Qe7 15. f3 0-0-0 16. fxe4 dxe4 17. Qe2 Nf8 18. Rad1 Ng6 19. Bg3 Rhe8 20. Bc4 Rd7 21. d5 cxd5 22. Bb5 Bc6 23. Ba6+ Kd8 24. Kh1 Qe6 25. Nb5 Qg4 26. Qe3 Nh5 27. Nd4 Nxg3+ 28. hxg3 Ne5 29. Be2 Qg6 30. Kg1 Rd6 31. Qa3 a5 32. c4 Nd3 33. Bxd3 exd3 34. Rxd3 Bb7 35. c5 Rf6 36. Rfd1 Ba6 37. R3d2 Ref8 38. Ne2 Bxe2 39. Rxe2 Qf7 40. Ree1 Qb7 41. Qb3 Rf5 42. Qb5 d4 43. Rxd4+ Kc8 44. Re8+ 1-0

[Event "BCF-chT2d 0910 (4NCL) Demotion pool"]
[Site "England"]
[Date "2010.03.28"]
[Round "8.2"]
[White "Munson, Shaun D"]
[Black "Kemp, Peter"]
[Result "1/2-1/2"]
[WhiteElo "2172"]
[BlackElo "2164"]
[PlyCount "128"]
[EventDate "2009.10.24"]
[EventType "team-tourn"]
[EventRounds "4"]
[EventCountry "ENG"]
[SourceTitle "EXT 2010"]
[Source "ChessBase"]
[SourceDate "2010.11.25"]
[SourceVersion "1"]
[SourceVersionDate "2010.11.25"]
[SourceQuality "1"]
[WhiteTeam "Anglian Avengers"]
[BlackTeam "Celtic Tigers"]
[WhiteTeamCountry "ENG"]
[BlackTeamCountry "ENG"]

1. d4 f5 2. Bg5 g6 3. Nd2 Bg7 4. e3 d6 5. Bc4 Nf6 6. h4 h6 7. Bxf6 Bxf6 8. Ne2 e5 9. dxe5 dxe5 10. c3 Qe7 11. Qc2 Bxh4 12. g4 Nc6 13. Nf3 Bf6 14. 0-0-0 Be6 15. Bxe6 Qxe6 16. Kb1 Rd8 17. Ng3 Ne7 18. gxf5 gxf5 19. e4 Rxd1+ 20. Rxd1 fxe4 21. Qxe4 c6 22. c4 0-0 23. Rg1 Kh8 24. Rh1 Bg7 25. Ng5 Qg6 26. Qxg6 Nxg6 27. N5e4 Rf4 28. Kc2 Kg8 29. Kd3 Ne7 30. Rg1 Nf5 31. Ne2 Rf3+ 32. Kd2 Nd4 33. Rg3 Rf7 34. N2c3 Rf8 35. c5 h5 36. Kd3 h4 37. Rh3 Rf3+ 38. Rxf3 Nxf3 39. Ne2 Bh6 40. Nf6+ Kf7 41. Ng4 Bg7 42. Ke4 Ng5+ 43. Kf5 Ne6 44. Nxe5+ Bxe5 45. Kxe5 Nxc5 46. Nf4 Na4 47. b3 Nc3 48. a4 Nd5 49. Nh3 a5 50. f4 Ke7 51. f5 Nf6 52. Nf2 b5 53. Kf4 bxa4 54. bxa4 Kd6 55. Kg5 Ke5 56. Nd3+ Kd4 57. Nf4 Ke4 58. Kxf6 Kxf4 59. Ke6 h3 60. f6 h2 61. f7 h1Q 62. f8Q+ Ke4 63. Qf5+ Kd4 64. Qxa5 Qh6+ 1/2-1/2

[Event "BCF-chT2a 0910 (4NCL)"]
[Site "England"]
[Date "2010.02.20"]
[Round "5.2"]
[White "Munson, Shaun D"]
[Black "Kawuma, Steven Male"]
[Result "0-1"]
[WhiteElo "2172"]
[BlackElo "2187"]
[PlyCount "163"]
[EventDate "2009.10.24"]
[EventType "team-tourn"]
[EventRounds "7"]
[EventCountry "ENG"]
[SourceTitle "EXT 2010"]
[Source "ChessBase"]
[SourceDate "2010.11.25"]
[SourceVersion "1"]
[SourceVersionDate "2010.11.25"]
[SourceQuality "1"]
[WhiteTeam "Anglian Avengers"]
[BlackTeam "Wessex"]
[WhiteTeamCountry "ENG"]
[BlackTeamCountry "ENG"]

1. d4 Nf6 2. Bg5 Ne4 3. Bf4 c5 4. f3 Qa5+ 5. c3 Nf6 6. d5 e6 7. e4 exd5 8. exd5 d6 9. Na3 Be7 10. Nc4 Qd8 11. a4 0-0 12. Ne2 Nh5 13. Be3 Re8 14. Qd2 Bd7 15. g3 Na6 16. Kf2 Nc7 17. Nf4 Nf6 18. h4 Bf8 19. Bg2 b6 20. Rhe1 Rb8 21. Kg1 Bc8 22. Na3 Nd7 23. Nh3 h6 24. Nf2 Ne5 25. Qd1 b5 26. axb5 Nxb5 27. Nxb5 Rxb5 28. b3 Rb7 29. c4 Nd7 30. Qc2 Nf6 31. Bd2 Rxe1+ 32. Rxe1 Re7 33. Rxe7 Qxe7 34. Bc3 Nh5 35. Kh2 f5 36. Nh3 f4 37. g4 Qxh4 38. Qe4 Ng3 39. Qe8 Nf1+ 40. Bxf1 Qg3+ 41. Kh1 Qxf3+ 42. Bg2 Qxg4 43. Nf2 Qh4+ 44. Kg1 Bf5 45. Be1 g5 46. Nh1 Qg4 47. Kf2 Qd1 48. Bf3 Qxb3 49. Bh5 Qb7 50. Kg1 Qg7 51. Bc3 Qe7 52. Qxe7 Bxe7 53. Nf2 Kh7 54. Kg2 Bg6 55. Bd1 h5 56. Kf3 Bf5 57. Ba4 Kh6 58. Be8 Bc2 59. Bb5 Bd8 60. Ne4 Bd1+ 61. Kf2 Be7 62. Nf6 Bf8 63. Ng8+ Kg6 64. Be8+ Kf5 65. Nf6 Bg7 66. Bd7+ Kg6 67. Be8+ Kh6 68. Bd7 g4 69. Ng8+ Kg6 70. Ne7+ Kf7 71. Bxg7 Kxg7 72. Nf5+ Kf6 73. Be6 Ke5 74. Ne7 g3+ 75. Kg2 Bc2 76. Nc6+ Ke4 77. Nxa7 h4 78. Bg4 Kd4 79. Be2 Be4+ 80. Kh3 f3 81. Nb5+ Ke5 82. Bf1 0-1

[Event "BCF-chT2a 0910 (4NCL)"]
[Site "England"]
[Date "2010.01.17"]
[Round "4.2"]
[White "Munson, Shaun D"]
[Black "Richardson, Keith Bevin"]
[Result "1-0"]
[WhiteElo "2172"]
[BlackElo "2189"]
[PlyCount "58"]
[EventDate "2009.10.24"]
[EventType "team-tourn"]
[EventRounds "7"]
[EventCountry "ENG"]
[SourceTitle "EXT 2010"]
[Source "ChessBase"]
[SourceDate "2010.11.25"]
[SourceVersion "1"]
[SourceVersionDate "2010.11.25"]
[SourceQuality "1"]
[WhiteTeam "Anglian Avengers"]
[BlackTeam "AMCA Dragons"]
[WhiteTeamCountry "ENG"]
[BlackTeamCountry "ENG"]

1. d4 g6 2. Nc3 Bg7 3. e4 d6 4. Bg5 a6 5. Nf3 Nd7 6. Qd2 c5 7. 0-0-0 cxd4 8. Nxd4 h6 9. Be3 Ngf6 10. f3 h5 11. h3 b5 12. Nd5 Bb7 13. Bg5 Nxd5 14. exd5 Nf6 15. Nc6 Bxc6 16. dxc6 Rc8 17. Bd3 Rxc6 18. Kb1 h4 19. Rhe1 e6 20. Qe2 Kf8 21. Be4 Rc5 22. Bf4 d5 23. Be3 Rc6 24. Bd3 Nh5 25. Qf2 Ng3 26. c3 Nf5 27. Bxf5 gxf5 28. Bf4 Bf6 29. Re2 Kg7 1-0

[Event "BCF-chT2d 0809 (4NCL) Demotion pool"]
[Site "Hinckley Island"]
[Date "2009.03.22"]
[Round "8.4"]
[White "Munson, Shaun D"]
[Black "Pedersen, Carsten"]
[Result "1/2-1/2"]
[WhiteElo "2175"]
[BlackElo "2161"]
[PlyCount "121"]
[EventDate "2008.10.04"]
[EventType "team-tourn"]
[EventRounds "4"]
[EventCountry "ENG"]
[SourceTitle "EXT 2010"]
[Source "ChessBase"]
[SourceDate "2010.11.25"]
[SourceVersion "1"]
[SourceVersionDate "2010.11.25"]
[SourceQuality "1"]
[WhiteTeam "Anglian Avengers"]
[BlackTeam "Celtic Tigers"]
[WhiteTeamCountry "ENG"]
[BlackTeamCountry "ENG"]

1. d4 Nf6 2. Bg5 e6 3. e3 d6 4. Nc3 h6 5. Bh4 Be7 6. Nf3 0-0 7. Be2 Nbd7 8. 0-0 Nd5 9. Bxe7 Qxe7 10. e4 Nxc3 11. bxc3 e5 12. Nd2 Nf6 13. Bf3 Re8 14. Re1 Qd7 15. Re3 Qa4 16. Nb3 b6 17. h3 g6 18. Qd2 Kg7 19. Ree1 Bb7 20. Qd3 Rad8 21. Nd2 Ba6 22. c4 exd4 23. Qxd4 Qa5 24. Qd3 Nd7 25. Be2 Bb7 26. f4 Nc5 27. Qd4+ Kg8 28. Bf3 Ne6 29. Qe3 Qc5 30. g3 Qxe3+ 31. Rxe3 Nd4 32. Bd1 f5 33. c3 Nc6 34. Ba4 Re7 35. Rae1 fxe4 36. Nxe4 Kg7 37. Kf2 Na5 38. Nd2 Rxe3 39. Rxe3 Kf7 40. Bb3 Re8 41. Rxe8 Kxe8 42. Bc2 Kf7 43. Ke3 Bg2 44. h4 Bh3 45. Be4 Kf6 46. Bd3 Be6 47. Be2 h5 48. Bd3 Kg7 49. Kd4 Kf7 50. Ne4 Kg7 51. Nd2 Kf6 52. Be2 Nc6+ 53. Ke3 Na5 54. Kd4 Nc6+ 55. Kd3 Na5 56. Bf3 Kg7 57. Kd4 Kf6 58. Ne4+ Ke7 59. Nd2 Kf6 60. Ne4+ Ke7 61. Nd2 1/2-1/2

[Event "Brentwood op 2nd"]
[Site "Brentwood"]
[Date "2008.02.16"]
[Round "1"]
[White "Munson, Shaun D"]
[Black "McDonald, Neil R"]
[Result "0-1"]
[WhiteElo "2191"]
[BlackElo "2386"]
[PlyCount "84"]
[EventDate "2008.02.16"]
[EventType "swiss"]
[EventRounds "5"]
[EventCountry "ENG"]
[SourceTitle "CBM 122 Extra"]
[Source "ChessBase"]
[SourceDate "2008.03.04"]
[SourceVersion "1"]
[SourceVersionDate "2008.03.04"]
[SourceQuality "1"]

1. d4 f5 2. Bg5 g6 3. Nd2 Bg7 4. e3 Nh6 5. f4 Nf7 6. Bh4 c5 7. c3 0-0 8. Bc4 d5 9. Bb3 c4 10. Bc2 Bf6 11. Bg3 Nc6 12. a4 b6 13. Ngf3 Nd6 14. Ne5 Bxe5 15. dxe5 Ne4 16. Nf3 Be6 17. Bh4 Qd7 18. 0-0 a6 19. Nd4 Ra7 20. Ra2 Rb7 21. Qe2 Nxd4 22. cxd4 Rd8 23. Rfa1 Kf7 24. Be1 Rg8 25. Rc1 Rc7 26. a5 b5 27. Bb4 Rc6 28. Ra3 Ke8 29. Be1 Kd8 30. Bb4 Kc8 31. Kf1 Bf7 32. Rd1 g5 33. Bxe4 fxe4 34. fxg5 Rxg5 35. Rd2 Rh6 36. Kg1 Qh3 37. Kf1 Rf5+ 38. Ke1 Qh4+ 39. g3 Qxg3+ 40. Kd1 Qg1+ 41. Kc2 Rf1 42. Kc3 Bh5 0-1